Les Phosphates et l'agriculture. (Record no. 16536)

000 -LEADER
fixed length control field 00403cam a22001571 4500
040 ## - CATALOGING SOURCE
Transcribing agency KyU
082 ## - DEWEY DECIMAL CLASSIFICATION NUMBER
Classification number 631 DUO 1970 A106 Or.
100 1# - MAIN ENTRY--AUTHOR NAME
Personal name Gervy, Roger.
245 14 - TITLE STATEMENT
Title Les Phosphates et l'agriculture.
260 ## - PUBLICATION, DISTRIBUTION, ETC. (IMPRINT)
Place of publication Paris,
Name of publisher Dunod,
Year of publication 1970.
300 ## - PHYSICAL DESCRIPTION
Number of Pages xvi, 298 p.
Other physical details illus.
Dimensions 22 cm.
490 0# - SERIES STATEMENT
Series statement Problèmes de l'entreprise agricole,
650 #0 - SUBJECT ADDED ENTRY--TOPICAL TERM
Topical Term Phosphates.
650 #0 - SUBJECT ADDED ENTRY--TOPICAL TERM
Topical Term Agriculture.
942 ## - ADDED ENTRY ELEMENTS (KOHA)
Koha item type សៀវភៅភាសាអង់គ្លេស
952 ## - LOCATION AND ITEM INFORMATION (KOHA)
Withdrawn status [LOCAL, KOHA] 0
Holdings
Permanent Location Date acquired Koha item type Lost status Shelving location Barcode Current Location Full call number
Library Block A2018-03-05សៀវភៅភាសាអង់គ្លេស A106A23847Library Block A631 DUO 1970 A106 Or.
មជ្ឈមណ្ឌលឯការនៃសាកលវិទ្យាល័យភូមិន្ទកសិកម្មចំការដូង

Powered by Koha